La cultura Nike: el signo del "swoosh" (Registro nro. 8290)
[ vista simple ]
| 000 -Cabecera | |
|---|---|
| Campo de control de longitud fija | 00568nam a2200217 b 4500 |
| 005 - Fecha y hora de la última transacción | |
| Campo de control | 20231012144208.0 |
| 008 - Elementos de longitud fija--Información general | |
| Campo de control de longitud fija | 070316s2007 sp | ||| ||spa |
| 020 ## - International Standard Book Number | |
| Número Internacional Estándar del Libro (ISBN) | 8423424707 |
| 041 1# - Idioma | |
| Código de idioma | |
| 082 ## - Clasificación Decimal Dewey | |
| Número de clasificación | 658.049 G619c |
| 100 1# - Entrada principal--Autor personal | |
| Nombre personal | Goldman, Robert |
| 9 (RLIN) | 11557 |
| 245 13 - Título propiamente dicho | |
| Título | La cultura Nike: el signo del "swoosh" |
| 260 ## - Pie de imprenta | |
| Lugar de publicación, distribución, etc. | España |
| Nombre del editor, distribuidor, etc. | Deusto |
| Fecha de publicación, distribución, etc. | 2007 |
| 300 ## - Descripción física | |
| Extensión | 299 páginas |
| 440 #0 - Declaración de serie/asiento adicional--título | |
| Título de la serie | Grandes Casos Empresariales |
| 650 ## - Materia general | |
| Temática (materia general) | ESTUDIO DE CASOS |
| 650 ## - Materia general | |
| Temática (materia general) | LOGOS |
| 650 ## - Materia general | |
| Temática (materia general) | DEPORTE |
| 650 ## - Materia general | |
| Temática (materia general) | PUBLICIDAD |
| 942 ## - Punto de acceso adicional KOHA | |
| Tipo de ítem KOHA | Literatura |
| Fuente del sistema de clasificación o colocación | Dewey Decimal Classification |
| Signatura completa | Código de barras | Tipo de ítem |
|---|---|---|
| 658.049 G619c | 21328 | Literatura |